Suomen mitalit yleisurheilun EM-kisoissa - Statistics

Yleistilastot
  • Tätä visaa on pelattu 77 kertaa
  • Keskiarvotulos 32 / 105
Vastaustilastot
% Oikein
Pariisi 1938 1 TaistoMäki 5 000 m
92%
Göteborg 2006 2 TeroPitkämäki keihäänheitto
88%
Barcelona 2010 3 Tero Pitkämäki keihäänheitto
88%
Zürich 2014 3 TeroPitkämäki keihäänheitto
88%
Helsinki 1994 2 SeppoRäty keihäänheitto
85%
Zürich 2014 1 AnttiRuuskanen keihäänheitto
83%
Amsterdam 2016 3 AnttiRuuskanen keihäänheitto
83%
München 2022 1 WilmaMurto seiväshyppy
83%
Göteborg 2006 1 JukkaKeskisalo 3 000 m esteet
82%
München 2022 1 TopiRaitanen 3 000 m esteet
82%
München 2022 2 KristiinaMäkelä kolmiloikka
80%
Praha 1978 3 ArtoBryggare 110 m aidat
75%
Ateena 1982 3 Arto Bryggare 110 m aidat
75%
Stuttgart 1986 2 Arto Bryggare 110 m aidat
75%
Rooma 1974 3 LasseVirén 5 000 m
75%
München 2022 3 LassiEtelätalo keihäänheitto
73%
München 2002 1 JanneHolmén maraton
68%
Rooma 1974 1 NinaHolmén 3 000 m
68%
Göteborg 2006 1 Olli-PekkaKarjalainen moukarinheitto
68%
Helsinki 2012 3 Ari Mannio keihäänheitto
67%
Budapest 1998 3 MikaelaIngberg keihäänheitto
67%
München 2002 3 MikaelaIngberg keihäänheitto
67%
Helsinki 1994 1 SariEssayah 10 km kävely
65%
Budapest 1998 2 ValentinKononen 50 km kävely
65%
Budapest 1998 2 EduardHämäläinen kymmenottelu
63%
München 2002 2 HeliKoivula kolmiloikka
60%
Praha 1978 1 MarttiVainio 10 000 m
58%
Ateena 1982 3 MarttiVainio 10 000 m
58%
Helsinki 1971 1 JuhaVäätäinen 5 000 m
52%
Helsinki 1971 1 JuhaVäätäinen 10 000 m
52%
Rooma 1974 2 MarikaEklund Mona-Lisa Pursiainen Pirjo Wilmi Riitta Salin 4 x 400 m viesti
52%
Split 1990 1 PäiviAlafrantti keihäänheitto
50%
Rooma 1974 1 RiittaSalin 400 m
50%
Ateena 1982 1 ReimaSalonen 50 km kävely
43%
Praha 1978 2 AnttiKalliomäki seiväshyppy
42%
Rooma 1974 3 Mona-LisaPursiainen 200 m
37%
Ateena 1969 2 PauliNevala keihäänheitto
32%
Rooma 1974 3 StigLönnqvist Ossi Karttunen Markku Taskinen Markku Kukkoaho 4 x 400 m viesti
32%
Bern 1954 2 VoittoHellstén 400 m
32%
Torino 1934 2 AkillesJärvinen 400 m aidat
30%
Torino 1934 1 MattiJärvinen keihäänheitto
30%
Pariisi 1938 1 MattiJärvinen keihäänheitto
30%
Oslo 1946 3 TapioRautavaara keihäänheitto
30%
Belgrad 1962 1 PenttiNikula seiväshyppy
28%
Bern 1954 3 Ragnar Graeffe
Sven-Oswald Mildh Rolf Back Voitto Hellstén
4 x 400 m viesti
25%
Praha 1978 2 MarkkuTuokko kiekonheitto
23%
Rooma 1974 1 Pentti Kahma kiekonheitto
23%
Belgrad 1962 2 RainerStenius pituushyppy
23%
Torino 1934 3 Ilmari Salminen 5 000 m
22%
Torino 1934 1 IlmariSalminen 10 000 m
22%
Pariisi 1938 1 IlmariSalminen 10 000 m
22%
Praha 1978 3 Rauli Pudas seiväshyppy
20%
Bern 1954 3 SoiniNikkinen keihäänheitto
18%
Rooma 1974 3 MarkkuTaskinen 800 m
17%
Ateena 1982 3 JormaHärkönen 800 m
15%
Bryssel 1950 2 VeikkoKarvonen maraton
15%
Bern 1954 1 VeikkoKarvonen maraton
15%
Oslo 1946 1 ViljoHeino 10 000 m
15%
Torino 1934 1 VillePörhölä moukarinheitto
15%
Bern 1954 1 EelesLandström seiväshyppy
13%
Tukholma 1958 1 EelesLandström seiväshyppy
13%
Praha 1978 3 IsmoToukonen 3 000 m esteet
13%
Torino 1934 1 KaleviKotkas korkeushyppy
13%
Pariisi 1938 2 KaleviKotkas korkeushyppy
13%
Belgrad 1962 3 PenttiEskola pituushyppy
13%
Oslo 1946 1 MikkoHietanen maraton
12%
Pariisi 1938 2 YrjöNikkanen keihäänheitto
12%
Oslo 1946 2 Yrjö Nikkanen keihäänheitto
12%
Torino 1934 1 ArmasToivonen maraton
8%
Torino 1934 2 Arvo Askola 10 000 m
8%
Oslo 1946 1 BertelStorskrubb 400 m aidat
7%
Ateena 1969 2 ReijoVähälä korkeushyppy
7%
Bryssel 1950 1 ToivoHyytiäinen keihäänheitto
7%
Oslo 1946 2 HelgePerälä 10 000 m
5%
Bryssel 1950 3 JukkaPiironen seiväshyppy
5%
Bern 1954 3 JukkaPiironen seiväshyppy
5%
Belgrad 1962 3 Kauko Nyström seiväshyppy
5%
Bryssel 1950 3 MaireÖsterdahl pituushyppy
5%
Oslo 1946 3 NilsNicklén korkeushyppy
5%
Rooma 1974 3 PirkkoHelenius pituushyppy
5%
Bern 1954 3 Sven-OswaldMildh 400 m aidat
5%
Pariisi 1938 1 VäinöMuinonen maraton
5%
Oslo 1946 2 VäinöMuinonen maraton
5%
Oslo 1946 1 ValdemarRautio kolmiloikka
5%
Bryssel 1950 2 ValdemarRautio kolmiloikka
5%
Bryssel 1950 2 ValtoOlenius seiväshyppy
5%
Torino 1934 3 JohnLindroth seiväshyppy
3%
Bern 1954 2 OlaviRinteenpää 3 000 m esteet
3%
Torino 1934 3 OnniRajasaari kolmiloikka
3%
Pariisi 1938 1 OnniRajasaari kolmiloikka
3%
Oslo 1946 3 VäinöSuvivuo 110 m aidat
3%
Torino 1934 2 MattiSippala keihäänheitto
2%
Bern 1954 2 TorbjörnLassenius kymmenottelu
2%
Bryssel 1950 3 VäinöKoskela 10 000 m
2%
Pariisi 1938 3 AlfLindblad 3 000 m esteet
0%
Bryssel 1950 3 ErikBlomster 3 000 m esteet
0%
Rooma 1974 1 Hannu Siitonen keihäänheitto
0%
Pariisi 1938 2 JoukoNorén kolmiloikka
0%
Pariisi 1938 3 KaukoPekuri 5 000 m
0%
Pariisi 1938 3 LauriKalima korkeushyppy
0%
Bryssel 1950 3 OlliPartanen kiekonheitto
0%
Torino 1934 2 RistoKuntsi kuulantyöntö
0%
Torino 1934 3 Veikko Peräsalo korkeushyppy
0%
Oslo 1946 3 VeikkoNyqvist kiekonheitto
0%
Oslo 1946 3 YrjöLehtilä kuulantyöntö
0%
Ehtoja vastaavia visoja ei löytynyt
Tulosjakauma
Jokaisen tuloksen saaneiden osuus
Persentiili vastausten määrän mukaan
Tuloshistoriasi
Et ole pelannut tätä visaa